000 00692nam a2200265Ia 4500
003 OSt
005 20221007102025.0
006 a|||||r|||| 00| 0
007 ta
008 221006b |||||||| |||| 00| 0 eng d
020 _a0195635086
024 _a9,217
037 _cTextual
040 _aLCO
_cLCO
_beng
041 _2eng
_aeng
082 _aZ2,12, N3
100 _aUberoi P. Ed.
_9704154
245 0 _aFamily Kinship and Marriage in India
260 _aDelhi
_bOxford India
_c1993
300 _a502
650 _a MARRIAGE IN INDIA
_9704155
650 _aFAMILY KINSHIP
_9704156
942 _hZ2,12, N3
_cTEXL
999 _c1178780
_d1178780